| 000 | 01139nam a2200289 a 4500 | ||
|---|---|---|---|
| 001 | |||
| 003 | DO-SdBNP | ||
| 005 | 20210525133645.0 | ||
| 008 | 091125s1980 dr 001 0 spa d | ||
| 040 |
_aBPMSU _bspa _cBPMSU |
||
| 082 |
_a378.7293 _bR789p |
||
| 100 | 1 | _aRosario, Antonio | |
| 245 | 1 | 3 |
_aLa palabra del rector / _cAntonio Rosario. |
| 260 |
_aSanto Domingo : _bUASD, _c1980. |
||
| 300 |
_a198 p. ; _c22 cm. |
||
| 490 | 0 |
_aPublicaciones de la Universidad Autónoma de Santo Domingo ; _aEducación y sociedad, _v291/15 |
|
| 490 | 1 | _v15 | |
| 500 | _aIncluye datos biográficos del autor en la contracubierta | ||
| 500 | _aDiscurso con motivo de cumplirse un nuevo aniversario de la ocupación de nuestro país el 28 de abril de 1965 | ||
| 590 | _6Inventariado, 2021/VM | ||
| 600 | 4 | _aUniversidad Autónomas de Santo Domingo | |
| 650 | 4 |
_aEducación superior _zRepública Dominicana _vEnsayos, conferencias, etc. _x |
|
| 650 | 4 |
_aUniversidades _zRepública Dominicana. _vEnsayos, conferencias, etc |
|
| 710 | 2 | _aUniversidad Autónoma de Santo Domingo | |
| 910 | _aVMateo | ||
| 942 |
_2ddc _cBK |
||
| 999 |
_c13533 _d13533 |
||